<?xml version="1.0" encoding="UTF-8"?>
<record
    xmlns:xsi="http://www.w3.org/2001/XMLSchema-instance"
    xsi:schemaLocation="http://www.loc.gov/MARC21/slim http://www.loc.gov/standards/marcxml/schema/MARC21slim.xsd"
    xmlns="http://www.loc.gov/MARC21/slim">

  <leader>00464nam a22001697a 4500</leader>
  <controlfield tag="005">20260323101836.0</controlfield>
  <controlfield tag="008">260323b        |||||||| |||| 00| 0 eng d</controlfield>
  <datafield tag="020" ind1=" " ind2=" ">
    <subfield code="a">978-81-203-4826-4</subfield>
  </datafield>
  <datafield tag="100" ind1=" " ind2=" ">
    <subfield code="a">MAJUMDAR DILIP KUMAR</subfield>
  </datafield>
  <datafield tag="245" ind1=" " ind2=" ">
    <subfield code="a">IRRIGATION WATER MANAGEMENT: PRINCIPLES AND PRACTICE</subfield>
  </datafield>
  <datafield tag="250" ind1=" " ind2=" ">
    <subfield code="a">2ND ED.</subfield>
  </datafield>
  <datafield tag="260" ind1=" " ind2=" ">
    <subfield code="a">DELHI</subfield>
    <subfield code="b">PHI LEARNING</subfield>
    <subfield code="c">2025</subfield>
  </datafield>
  <datafield tag="300" ind1=" " ind2=" ">
    <subfield code="a">XIV,557P.</subfield>
  </datafield>
  <datafield tag="500" ind1=" " ind2=" ">
    <subfield code="a">INCLUDES AN INDEX</subfield>
  </datafield>
  <datafield tag="650" ind1=" " ind2=" ">
    <subfield code="a">IRRIGATION FARMING</subfield>
  </datafield>
  <datafield tag="942" ind1=" " ind2=" ">
    <subfield code="2">lcc</subfield>
    <subfield code="c">BK</subfield>
  </datafield>
  <datafield tag="999" ind1=" " ind2=" ">
    <subfield code="c">216849</subfield>
    <subfield code="d">216849</subfield>
  </datafield>
  <datafield tag="952" ind1=" " ind2=" ">
    <subfield code="0">0</subfield>
    <subfield code="1">0</subfield>
    <subfield code="2">lcc</subfield>
    <subfield code="4">0</subfield>
    <subfield code="6">SB0112 M35  02025</subfield>
    <subfield code="7">0</subfield>
    <subfield code="8">SCT</subfield>
    <subfield code="9">376377</subfield>
    <subfield code="a">KSUL</subfield>
    <subfield code="b">KSUL</subfield>
    <subfield code="c">DISPLAY</subfield>
    <subfield code="d">2026-03-23</subfield>
    <subfield code="i">112467</subfield>
    <subfield code="l">0</subfield>
    <subfield code="o">SB 112 .M35 2025</subfield>
    <subfield code="p">A000526</subfield>
    <subfield code="r">2026-03-23 10:19:00</subfield>
    <subfield code="t">1</subfield>
    <subfield code="w">2026-03-23</subfield>
    <subfield code="y">BK</subfield>
  </datafield>
  <datafield tag="952" ind1=" " ind2=" ">
    <subfield code="0">0</subfield>
    <subfield code="1">0</subfield>
    <subfield code="2">lcc</subfield>
    <subfield code="4">0</subfield>
    <subfield code="6">SB0112 M35  02025</subfield>
    <subfield code="7">0</subfield>
    <subfield code="8">SCT</subfield>
    <subfield code="9">376379</subfield>
    <subfield code="a">KSUL</subfield>
    <subfield code="b">KSUL</subfield>
    <subfield code="c">DISPLAY</subfield>
    <subfield code="d">2026-03-23</subfield>
    <subfield code="i">112468</subfield>
    <subfield code="l">0</subfield>
    <subfield code="o">SB 112 .M35 2025</subfield>
    <subfield code="p">A000520</subfield>
    <subfield code="r">2026-03-23 10:19:00</subfield>
    <subfield code="t">2</subfield>
    <subfield code="w">2026-03-23</subfield>
    <subfield code="y">BK</subfield>
  </datafield>
  <datafield tag="952" ind1=" " ind2=" ">
    <subfield code="0">0</subfield>
    <subfield code="1">0</subfield>
    <subfield code="2">lcc</subfield>
    <subfield code="4">0</subfield>
    <subfield code="6">SB0112 M35  02025</subfield>
    <subfield code="7">0</subfield>
    <subfield code="8">SCT</subfield>
    <subfield code="9">376380</subfield>
    <subfield code="a">KSUL</subfield>
    <subfield code="b">KSUL</subfield>
    <subfield code="c">DISPLAY</subfield>
    <subfield code="d">2026-03-23</subfield>
    <subfield code="i">112469</subfield>
    <subfield code="l">0</subfield>
    <subfield code="o">SB 112 .M35 2025</subfield>
    <subfield code="p">A000518</subfield>
    <subfield code="r">2026-03-23 10:19:00</subfield>
    <subfield code="t">3</subfield>
    <subfield code="w">2026-03-23</subfield>
    <subfield code="y">BK</subfield>
  </datafield>
  <datafield tag="952" ind1=" " ind2=" ">
    <subfield code="0">0</subfield>
    <subfield code="1">0</subfield>
    <subfield code="2">lcc</subfield>
    <subfield code="4">0</subfield>
    <subfield code="6">SB0112 M35  02025</subfield>
    <subfield code="7">0</subfield>
    <subfield code="8">SCT</subfield>
    <subfield code="9">376381</subfield>
    <subfield code="a">KSUL</subfield>
    <subfield code="b">KSUL</subfield>
    <subfield code="c">DISPLAY</subfield>
    <subfield code="d">2026-03-23</subfield>
    <subfield code="i">112470</subfield>
    <subfield code="l">0</subfield>
    <subfield code="o">SB 112 .M35 2025</subfield>
    <subfield code="p">A000516</subfield>
    <subfield code="r">2026-03-23 10:19:00</subfield>
    <subfield code="t">4</subfield>
    <subfield code="w">2026-03-23</subfield>
    <subfield code="y">BK</subfield>
  </datafield>
  <datafield tag="952" ind1=" " ind2=" ">
    <subfield code="0">0</subfield>
    <subfield code="1">0</subfield>
    <subfield code="2">lcc</subfield>
    <subfield code="4">0</subfield>
    <subfield code="6">SB0112 M35  02025</subfield>
    <subfield code="7">0</subfield>
    <subfield code="8">SCT</subfield>
    <subfield code="9">376382</subfield>
    <subfield code="a">KSUL</subfield>
    <subfield code="b">KSUL</subfield>
    <subfield code="c">DISPLAY</subfield>
    <subfield code="d">2026-03-23</subfield>
    <subfield code="i">112471</subfield>
    <subfield code="l">0</subfield>
    <subfield code="o">SB 112 .M35 2025</subfield>
    <subfield code="p">A000528</subfield>
    <subfield code="r">2026-03-23 10:19:00</subfield>
    <subfield code="t">5</subfield>
    <subfield code="w">2026-03-23</subfield>
    <subfield code="y">BK</subfield>
  </datafield>
  <datafield tag="952" ind1=" " ind2=" ">
    <subfield code="0">0</subfield>
    <subfield code="1">0</subfield>
    <subfield code="2">lcc</subfield>
    <subfield code="4">0</subfield>
    <subfield code="6">SB0112 M35  02025</subfield>
    <subfield code="7">0</subfield>
    <subfield code="8">SCT</subfield>
    <subfield code="9">376383</subfield>
    <subfield code="a">KSUL</subfield>
    <subfield code="b">KSUL</subfield>
    <subfield code="c">DISPLAY</subfield>
    <subfield code="d">2026-03-23</subfield>
    <subfield code="i">112472</subfield>
    <subfield code="l">0</subfield>
    <subfield code="o">SB 112 .M35 2025</subfield>
    <subfield code="p">A000477</subfield>
    <subfield code="r">2026-03-23 10:19:00</subfield>
    <subfield code="t">6</subfield>
    <subfield code="w">2026-03-23</subfield>
    <subfield code="y">BK</subfield>
  </datafield>
  <datafield tag="952" ind1=" " ind2=" ">
    <subfield code="0">0</subfield>
    <subfield code="1">0</subfield>
    <subfield code="2">lcc</subfield>
    <subfield code="4">0</subfield>
    <subfield code="6">SB0112 M35  02025</subfield>
    <subfield code="7">0</subfield>
    <subfield code="8">SCT</subfield>
    <subfield code="9">376384</subfield>
    <subfield code="a">KSUL</subfield>
    <subfield code="b">KSUL</subfield>
    <subfield code="c">DISPLAY</subfield>
    <subfield code="d">2026-03-23</subfield>
    <subfield code="i">112473</subfield>
    <subfield code="l">0</subfield>
    <subfield code="o">SB 112 .M35 2025</subfield>
    <subfield code="p">A000475</subfield>
    <subfield code="r">2026-03-23 10:19:00</subfield>
    <subfield code="t">7</subfield>
    <subfield code="w">2026-03-23</subfield>
    <subfield code="y">BK</subfield>
  </datafield>
  <datafield tag="952" ind1=" " ind2=" ">
    <subfield code="0">0</subfield>
    <subfield code="1">0</subfield>
    <subfield code="2">lcc</subfield>
    <subfield code="4">0</subfield>
    <subfield code="6">SB0112 M35  02025</subfield>
    <subfield code="7">0</subfield>
    <subfield code="8">SCT</subfield>
    <subfield code="9">376385</subfield>
    <subfield code="a">KSUL</subfield>
    <subfield code="b">KSUL</subfield>
    <subfield code="c">DISPLAY</subfield>
    <subfield code="d">2026-03-23</subfield>
    <subfield code="i">112474</subfield>
    <subfield code="l">0</subfield>
    <subfield code="o">SB 112 .M35 2025</subfield>
    <subfield code="p">A000479</subfield>
    <subfield code="r">2026-03-23 10:19:00</subfield>
    <subfield code="t">8</subfield>
    <subfield code="w">2026-03-23</subfield>
    <subfield code="y">BK</subfield>
  </datafield>
</record>
